Statistics for Countries of the World Shape Chain Game #6

Click here to take the quiz!

General Stats

  • This quiz has been taken 211 times
  • The average score is 9 of 12

Answer Stats

Country% Correct
Russia
100%
Brazil
98%
Egypt
92%
Madagascar
92%
Algeria
87%
Israel
72%
Serbia
72%
Romania
64%
Canada
59%
Cuba
59%
Paraguay
59%
Monaco
54%

Score Distribution

Percentile by Number Answered

Percent of People with Each Score

Your Score History

You have not taken this quiz